[Event "IECC Swiss email"]
[Site "IECC email"]
[Date "2001.01.01"]
[Round "?"]
[White "Perez, Giorgio"]
[Black "Valota, Jacques"]
[Result "1-0"]
[WhiteElo "2039"]
[BlackElo "1500"]
[PlyCount "91"]
[EventDate "2001.??.??"]
[EventType "tourn (corr)"]
[EventRounds "6"]
[SourceTitle "Corr 2008"]
[Source "ChessBase"]
[SourceDate "2008.06.24"]
[SourceVersion "1"]
[SourceVersionDate "2008.06.24"]
[SourceQuality "1"]

1. e4 d5 2. exd5 Nf6 3. d4 Nxd5 4. Nf3 Bg4 5. h3 Bc8 6. c4 Nf6 7. Bd3 e6 8. 0-0 c5 9. d5 Bd6 10. Re1 0-0 11. Nc3 a6 12. Bg5 h6 13. Bxf6 gxf6 14. Qd2 Kg7 15. Bc2 Re8 16. Rad1 Bc7 17. Qd3 f5 18. Ba4 Ba5 19. Bxe8 Qxe8 20. Qxf5 exf5 21. Rxe8 Bd7 22. Re3 Bd8 23. Ne5 b5 24. b3 Bg5 25. Re2 Bf6 26. f4 b4 27. Nb1 Bc8 28. a4 Nd7 29. Nd2 Nf8 30. g3 Bb7 31. Rde1 a5 32. Nf1 Ng6 33. Ne3 Bc8 34. Nd3 Bd4 35. Kg2 Bd7 36. Nc2 Bc3 37. Nxc5 Bxe1 38. Nxd7 Rd8 39. Rxe1 Rxd7 40. Nd4 Kf6 41. Nc6 h5 42. Nxa5 Ne7 43. Kf3 Rd6 44. Nb7 Rd7 45. Nc5 Rd8 46. Re3 1-0